[Event "FIDE Grand Swiss 2021"]
[Site "Riga"]
[Date "29.10.2021"]
[Round "3"]
[White "Hovhannisyan, Robert"]
[Black "Sjugirov, Sanan"]
[Result "1-0"]
[WhiteElo "2622"]
[BlackElo "2663"]
[EventDate "2021"]

1. e4 e5 2. Nf3 Nc6 3. Bb5 a6 4. Ba4 Nf6 5. O-O Bc5 6. c3 b5 7. Bb3 d6 8.
d4 Bb6 9. a4 Rb8 10. a5 Ba7 11. Be3 Bg4 12. Nbd2 O-O 13. h3 Bh5 14. Qe1
exd4 15. Nxd4 Nxd4 16. cxd4 Re8 17. f3 c5 18. dxc5 Bxc5 19. Qf2 Bg6 20.
Rfd1 Qe7 21. Nf1 Rbc8 22. Bd4 Nh5 23. Ne3 Nf4 24. Nd5 Nxd5 25. Bxd5 Kh8 26.
Rac1 f5 27. Bxc5 Rxc5 28. exf5 Bxf5 29. Qd2 Rec8 30. Rxc5 dxc5 31. Bb7 Rb8
32. Qd6 Qxd6 33. Rxd6 h6 34. Bxa6 Ra8 35. Kf2 Kg8 36. Ke3 Kf7 37. Kf4 Be6
38. Rb6 Ba2 39. Rb7+ Kf6 40. Rb6+ Ke7 41. Bxb5 Rxa5 42. Ke5 Bb3 43. Rb7+
Kf8 44. Bc6 c4+ 45. Bd5 Ra2 46. Rf7+ Ke8 47. Rxg7 Ra5 48. Rb7 1-0

[Event "FIDE Grand Swiss 2021"]
[Site "Riga"]
[Date "29.10.2021"]
[Round "3"]
[White "Ponkratov, Pavel"]
[Black "Kollars, Dmitrij"]
[Result "1-0"]
[WhiteElo "2659"]
[BlackElo "2621"]
[EventDate "2021"]

1. e4 e5 2. Nf3 Nc6 3. Bb5 a6 4. Ba4 Nf6 5. O-O Be7 6. Re1 b5 7. Bb3 d6 8.
c3 O-O 9. d4 Bg4 10. Be3 Bh5 11. h3 exd4 12. cxd4 Na5 13. Bc2 Nc4 14. Bc1
d5 15. e5 Ne4 16. Nc3 Nxc3 17. bxc3 a5 18. Bf5 Ra6 19. Qd3 Bg6 20. Bxg6
Rxg6 21. Nd2 Qd7 22. Re2 c5 23. Nb3 cxd4 24. Nxd4 Bc5 25. Kh2 Re8 26. Bf4
Bxd4 27. Qxd4 Rge6 28. Rd1 Rd8 29. Ree1 Qe8 30. Bg3 f6 31. f4 fxe5 32. fxe5
Qc6 33. Rd3 h6 34. Rf1 Rde8 35. Re1 Rd8 36. Re2 a4 37. Re1 Rd7 38. Rf3 Rde7
39. Rf5 Re8 40. Rb1 R6e7 41. Rbf1 Re6 42. Bf4 Qd7 43. Rf3 Na5 44. Rg3 Nc6
45. Qd2 Rf8 46. Rh5 Kh7 47. Qd3+ Kh8 48. Rf5 Rxf5 49. Qxf5 Qe8 50. Rd3 Qg8
51. Rd2 Ne7 52. Qd3 Rb6 53. Be3 Rb8 54. Bc5 Qe6 55. Bd6 Rb7 56. Rf2 Ng6 57.
Qf5 Qxf5 58. Rxf5 d4 59. cxd4 b4 60. e6 b3 61. axb3 axb3 62. Rf1 b2 63. Rb1
Kg8 64. d5 Rb3 65. e7 Re3 66. Bc5 Re5 67. d6 1-0

[Event "FIDE Grand Swiss 2021"]
[Site "Riga"]
[Date "29.10.2021"]
[Round "3"]
[White "Brkic, Ante"]
[Black "Shirov, Alexei"]
[Result "1/2-1/2"]
[WhiteElo "2621"]
[BlackElo "2659"]
[EventDate "2021"]

1. e4 e5 2. Nf3 Nc6 3. Bb5 a6 4. Ba4 Nf6 5. O-O Be7 6. Re1 b5 7. Bb3 d6 8.
c3 O-O 9. h3 Bb7 10. d4 Re8 11. Nbd2 Bf8 12. a3 h6 13. Bc2 Nb8 14. b3 Nbd7
15. Bb2 g6 16. a4 Bg7 17. Bd3 c6 18. Qc2 Nh5 19. Bf1 Nf4 20. b4 Nb6 21.
axb5 cxb5 22. g3 exd4 23. cxd4 Rc8 24. Qb3 d5 25. e5 Ne6 26. Rab1 Nc4 27.
Qd3 Nxb2 28. Rxb2 Qe7 29. h4 Rc4 30. Reb1 Rec8 31. Rb3 Rc1 32. Qe3 R8c2 33.
Ne1 Rxb1 34. Nxc2 Rd1 35. Rc3 g5 36. h5 f6 37. Qe2 Rxf1+ 38. Nxf1 fxe5 39.
dxe5 d4 40. Rd3 Qd7 41. Nh2 Qd5 42. f3 Qxe5 43. Qxe5 Bxe5 44. Ng4 Bg7 45.
Kf2 Bd5 46. Ra3 Bc4 47. Rxa6 d3 48. Nce3 d2 49. Kg2 Kf8 50. Nf2 Nd4 51.
Ra8+ Kf7 52. Ra7+ Kf8 53. Ra8+ Kf7 54. Ne4 Nf5 55. Ra7+ Kf8 56. Ra8+ Kf7
57. Ra7+ Kf8 58. Ra8+ 1/2-1/2

[Event "FIDE Grand Swiss 2021"]
[Site "Riga"]
[Date "29.10.2021"]
[Round "3"]
[White "Praggnanandhaa, R"]
[Black "Howell, David W L"]
[Result "1/2-1/2"]
[WhiteElo "2618"]
[BlackElo "2658"]
[EventDate "2021"]

1. e4 e5 2. Nf3 Nc6 3. Bc4 Nf6 4. d3 Be7 5. Nc3 d6 6. a3 O-O 7. O-O h6 8.
h3 Be6 9. Nd5 Qd7 10. Re1 Rae8 11. b4 Bd8 12. Nxf6+ Bxf6 13. Bxe6 Rxe6 14.
c4 a6 15. Bb2 g6 16. Rc1 Bg7 17. b5 axb5 18. cxb5 Nd8 19. a4 Re7 20. d4
exd4 21. Bxd4 Ne6 22. Bxg7 Kxg7 23. Qd5 Nc5 24. e5 b6 25. Red1 Rd8 26. exd6
Qxd6 27. Qc4 Qxd1+ 28. Rxd1 Rxd1+ 29. Kh2 Ne4 30. Qb4 Rd6 31. Qb2+ Kh7 32.
Nd4 Nd2 33. Qc3 Nb1 34. Qb2 Nd2 35. Qc3 Red7 36. Nc6 Nf1+ 37. Kg1 Rd1 38.
g4 Ng3+ 39. Kg2 Ne4 40. Qe5 Ng5 41. Qe8 Ne6 42. Ne5 Ng7 43. Qf8 Ne6 44. Qe8
Ng7 45. Qf8 Ne6 46. Qe8 1/2-1/2

[Event "FIDE Grand Swiss 2021"]
[Site "Riga"]
[Date "29.10.2021"]
[Round "3"]
[White "Henriquez Villagra, Cristobal"]
[Black "Najer, Evgeniy"]
[Result "0-1"]
[WhiteElo "2608"]
[BlackElo "2654"]
[EventDate "2021"]

1. b3 d5 2. Bb2 Bf5 3. Nf3 e6 4. g3 h6 5. Bg2 Nf6 6. O-O Be7 7. d3 O-O 8.
Nbd2 a5 9. a4 c6 10. e3 Na6 11. Nd4 Bh7 12. f4 Nb4 13. Bh3 c5 14. Nb5 Rc8
15. Rc1 Na2 16. Rb1 Nb4 17. Rf2 Ne8 18. Na7 Ra8 19. Nb5 Bf6 20. Bxf6 Nxf6
21. Nf3 c4 22. Ne5 cxd3 23. cxd3 Nd7 24. Nxd7 Qxd7 25. Rd2 Rac8 26. Qe2 Rc5
27. Rbd1 Qc6 28. g4 Rc1 29. f5 exf5 30. gxf5 Re8 31. Nd4 Qc7 32. Rxc1 Qxc1+
33. Kf2 Qc7 34. Kg2 Kh8 35. Bg4 Qe5 36. Qd1 Qf6 37. Qf3 Qg5 38. Kf2 Qf6 39.
Qf4 Rc8 40. Be2 g5 41. fxg6 Qxf4+ 42. exf4 Bxg6 43. Rd1 Kg7 44. h3 Kf6 45.
Ke3 b6 46. Kd2 Rc5 47. Rf1 Bf5 48. Rg1 Nc6 49. Nxc6 Rxc6 50. h4 d4 51. b4
Rc3 52. bxa5 bxa5 53. Rb1 Ra3 54. Rb6+ Be6 55. Bg4 Rxa4 56. h5 Ra2+ 57. Ke1
Rg2 58. Bf3 Rh2 59. Be4 Ke7 60. f5 Bd7 61. f6+ Kd8 62. Bg6 Rc2 63. Ra6 Be8
64. Bf5 Rc5 65. Bg4 Re5+ 66. Kf2 Kc7 67. Kg3 a4 68. Kf4 Re1 69. Bf3 Re6 70.
Ra7+ Kb6 71. Rb7+ Ka6 72. Kf5 Re3 73. Bd5 Rxd3 74. Ke4 Rd1 75. Rb8 Ka5 76.
Bc4 Bc6+ 77. Ke5 d3 78. Kd6 d2 79. Kxc6 Rc1 80. Rb5+ Ka6 81. Rb6+ Ka7 82.
Rb7+ Ka8 83. Rd7 d1=Q 84. Rxd1 Rxd1 85. Bxf7 Rf1 0-1

[Event "FIDE Grand Swiss 2021"]
[Site "Riga"]
[Date "29.10.2021"]
[Round "3"]
[White "Oparin, Grigoriy"]
[Black "Petrosyan, Manuel"]
[Result "1/2-1/2"]
[WhiteElo "2654"]
[BlackElo "2605"]
[EventDate "2021"]

1. e4 c5 2. Nf3 e6 3. d4 cxd4 4. Nxd4 Nc6 5. Nc3 Qc7 6. Be3 a6 7. g4 b5 8.
Nxc6 Qxc6 9. Qd2 b4 10. Ne2 Qxe4 11. Rg1 d5 12. Bd4 Ne7 13. O-O-O h5 14.
Bg2 Qh7 15. g5 Ng6 16. f4 Nh4 17. Bxd5 exd5 18. Bf2 Bf5 19. Bxh4 Bc5 20. g6
Bxg6 21. Nd4 O-O 22. Bf6 gxf6 23. f5 Rae8 24. Kb1 Kh8 25. Rgf1 Re5 26. fxg6
fxg6 27. Nc6 Ree8 28. Qxd5 Be3 29. Nxb4 Qe7 30. Qc4 Rc8 31. Qd3 Qxb4 32.
Qxe3 g5 33. Qe2 Qg4 34. Qxa6 Kg7 35. Qd3 Rfd8 36. Qxd8 Rxd8 37. Rxd8 Qg2
38. Rfd1 Qxh2 39. a4 Qe2 40. R8d6 h4 41. a5 h3 42. a6 h2 43. a7 Qe8 44. Rh1
Qe4 45. Rdd1 Qf3 46. Rd7+ Kg6 47. Rxh2 1/2-1/2

[Event "FIDE Grand Swiss 2021"]
[Site "Riga"]
[Date "29.10.2021"]
[Round "3"]
[White "Neiksans, Arturs"]
[Black "Sevian, Samuel"]
[Result "1/2-1/2"]
[WhiteElo "2570"]
[BlackElo "2654"]
[EventDate "2021"]

1. e4 e5 2. Nf3 Nc6 3. Bc4 Nf6 4. d3 Bc5 5. O-O d6 6. c3 a6 7. a4 h6 8. Re1
O-O 9. h3 a5 10. Nbd2 Be6 11. Bb5 Na7 12. d4 Nxb5 13. dxc5 Na7 14. cxd6
Qxd6 15. b3 Rad8 16. Ba3 c5 17. Qe2 b6 18. Nc4 Bxc4 19. Qxc4 Nc6 20. Qb5
Qc7 21. Qc4 Qd6 22. Qb5 Qc7 23. Qc4 Qd6 1/2-1/2

[Event "FIDE Grand Swiss 2021"]
[Site "Riga"]
[Date "29.10.2021"]
[Round "3"]
[White "Kuybokarov, Temur"]
[Black "Nihal, Sarin"]
[Result "0-1"]
[WhiteElo "2549"]
[BlackElo "2652"]
[EventDate "2021"]

1. e4 e5 2. Nf3 Nc6 3. Bb5 a6 4. Ba4 Bc5 5. c3 Nge7 6. d4 exd4 7. cxd4 Bb4+
8. Bd2 Bxd2+ 9. Qxd2 d5 10. exd5 Qxd5 11. O-O Be6 12. Nc3 Qh5 13. Ne5 O-O
14. Bd1 Qh4 15. Nf3 Qh6 16. Qxh6 gxh6 17. Bc2 Rad8 18. Be4 Rd6 19. Na4 b6
20. Rfc1 Rfd8 21. h3 Kg7 22. b3 R8d7 23. Bd3 a5 24. Rc3 Nxd4 25. Ne5 Nd5
26. Rcc1 Re7 27. Bf1 Bxh3 28. Nc4 Rg6 29. Rd1 Nf3+ 30. Kh1 Bxg2+ 31. Bxg2
Re4 32. Bxf3 Rh4# 0-1

[Event "FIDE Grand Swiss 2021"]
[Site "Riga"]
[Date "29.10.2021"]
[Round "3"]
[White "Vitiugov, Nikita"]
[Black "Abasov, Nijat"]
[Result "1/2-1/2"]
[WhiteElo "2727"]
[BlackElo "2638"]
[EventDate "2021"]

1. e4 c5 2. Nf3 d6 3. d4 cxd4 4. Nxd4 Nf6 5. Nc3 Nc6 6. Bg5 e6 7. Qd2 a6 8.
Nxc6 bxc6 9. O-O-O h6 10. Bf4 d5 11. Qe3 Qa5 12. Be2 Bb4 13. Be5 dxe4 14.
Qg3 Bxc3 15. Bxc3 Qg5+ 16. Kb1 O-O 17. Qxg5 hxg5 18. h4 gxh4 19. Rxh4 Nd5
20. Bd4 f5 21. Bc5 Bb7 22. Bxf8 Rxf8 23. Rdh1 Kf7 24. Rh8 c5 25. Rxf8+ Kxf8
26. Rh8+ Ke7 27. Rg8 Kf6 28. Rb8 Bc6 29. Rc8 Ne7 30. Rc7 a5 31. a4 g5 32.
Bb5 e3 33. fxe3 Bxg2 34. Kc1 g4 35. Kd2 g3 36. Ke2 f4 37. exf4 Nd5 38. Rc8
Nxf4+ 39. Ke3 Nd5+ 40. Ke2 Nf4+ 41. Ke3 Nd5+ 1/2-1/2

[Event "FIDE Grand Swiss 2021"]
[Site "Riga"]
[Date "29.10.2021"]
[Round "3"]
[White "Kovalev, Vladislav"]
[Black "Esipenko, Andrey"]
[Result "1/2-1/2"]
[WhiteElo "2634"]
[BlackElo "2720"]
[EventDate "2021"]

1. e4 e5 2. Nf3 Nc6 3. Nc3 Nf6 4. d4 exd4 5. Nxd4 Bb4 6. Nxc6 bxc6 7. Bd3
d5 8. exd5 O-O 9. O-O cxd5 10. h3 c6 11. Qf3 Bd6 12. Bf4 Be6 13. Rfd1 Bxf4
14. Qxf4 Qb8 15. Qxb8 Raxb8 16. Na4 Rfc8 17. Ba6 Rc7 18. c4 dxc4 19. Rac1
c5 20. Bxc4 Bd7 21. Nxc5 Rxc5 22. Bxf7+ Kxf7 23. Rxc5 Rxb2 24. Rc7 Rxa2 25.
Rdxd7+ Nxd7 26. Rxd7+ Kf6 27. g4 h6 28. Kg2 g5 29. Rd6+ Kg7 30. Rd7+ Kg6
1/2-1/2

[Event "FIDE Grand Swiss 2021"]
[Site "Riga"]
[Date "29.10.2021"]
[Round "3"]
[White "Durarbayli, Vasif"]
[Black "Dubov, Daniil"]
[Result "0-1"]
[WhiteElo "2629"]
[BlackElo "2714"]
[EventDate "2021"]

1. e4 e5 2. Nf3 Nc6 3. Bb5 a6 4. Ba4 Nf6 5. d4 exd4 6. O-O Be7 7. e5 Ne4 8.
Nxd4 O-O 9. Nf5 d5 10. Nxe7+ Nxe7 11. c3 Nc5 12. Bc2 Bf5 13. Na3 Qd7 14.
Be3 Ne6 15. f4 f6 16. exf6 Rxf6 17. Qd2 Raf8 18. Rad1 h5 19. Bxf5 Nxf5 20.
Nc2 c6 21. Bf2 Nd6 22. Bg3 Nc4 23. Qc1 h4 24. Bxh4 Nxf4 25. Rf2 Qg4 26.
Bxf6 Nh3+ 27. Kf1 Nxf2 28. Kxf2 Rxf6+ 29. Kg1 Qe2 30. Re1 Qf2+ 31. Kh1 Nxb2
32. h3 Rg6 33. g4 Qf3+ 34. Kh2 Rh6 0-1

[Event "FIDE Grand Swiss 2021"]
[Site "Riga"]
[Date "29.10.2021"]
[Round "3"]
[White "Alekseenko, Kirill"]
[Black "Movsesian, Sergei"]
[Result "1/2-1/2"]
[WhiteElo "2710"]
[BlackElo "2627"]
[EventDate "2021"]

1. e4 c6 2. d4 d5 3. e5 c5 4. dxc5 e6 5. Nf3 Bxc5 6. a3 Ne7 7. b4 Bb6 8.
Bb2 O-O 9. Nbd2 a5 10. Bd3 Ng6 11. bxa5 Rxa5 12. Nb3 Ra8 13. h4 Nc6 14. h5
Nf4 15. h6 g6 16. Bb5 f6 17. g3 fxe5 18. gxf4 Rxf4 19. Rh3 e4 20. Qd2 e5
21. Nxe5 Rxf2 22. Qc3 Qf6 23. Nxc6 Rf1+ 24. Kd2 Rf2+ 25. Ke1 Rf1+ 26. Kd2
Rf2+ 27. Ke1 Rf1+ 28. Kd2 1/2-1/2

[Event "FIDE Grand Swiss 2021"]
[Site "Riga"]
[Date "29.10.2021"]
[Round "3"]
[White "Svidler, Peter"]
[Black "Shevchenko, Kirill"]
[Result "1/2-1/2"]
[WhiteElo "2694"]
[BlackElo "2632"]
[EventDate "2021"]

1. e4 c5 2. Nf3 Nc6 3. Bb5 g6 4. O-O Bg7 5. c3 Nf6 6. Re1 O-O 7. d4 d5 8.
e5 Ne4 9. Bxc6 bxc6 10. Be3 Rb8 11. Qc1 cxd4 12. cxd4 f6 13. Nbd2 Bf5 14.
Nb3 Qd7 15. exf6 exf6 16. Nh4 Be6 17. f3 g5 18. fxe4 dxe4 19. Bf2 Bd5 20.
Nc5 Qc8 21. Nxe4 gxh4 22. h3 f5 23. Nc3 f4 24. Nxd5 cxd5 25. Qxc8 Rfxc8 26.
Re2 Kf7 27. Rd1 Bf6 28. Be1 Kg6 29. Kf2 Rc4 30. Kf3 Kf5 31. b3 Rc7 32. Bd2
Rc2 33. Bxf4 Rxe2 34. Bxb8 Rxa2 35. Rd3 a6 36. Bf4 Rc2 37. Be3 Be7 38. Bf2
Bg5 39. Be1 Rc1 40. Bf2 Rf1 41. b4 Bf4 42. Ke2 Ke4 43. Ra3 Rb1 44. Rxa6
Rb2+ 45. Kf1 Rb1+ 46. Ke2 Bg3 47. Bxg3 hxg3 48. Ra3 Rb2+ 49. Kf1 Rb1+ 50.
Ke2 Rxb4 51. Rxg3 Rb2+ 52. Kf1 Kxd4 53. Rg7 h6 54. Rg6 h5 55. Rg5 h4 56. g3
hxg3 57. Rxg3 Kc4 58. Ke1 1/2-1/2

[Event "FIDE Grand Swiss 2021"]
[Site "Riga"]
[Date "29.10.2021"]
[Round "3"]
[White "Navara, David"]
[Black "Sethuraman, S.P."]
[Result "1-0"]
[WhiteElo "2691"]
[BlackElo "2620"]
[EventDate "2021"]

1. e4 e5 2. Nf3 Nc6 3. Bb5 a6 4. Ba4 Nf6 5. O-O b5 6. Bb3 Bc5 7. a4 Rb8 8.
c3 d6 9. d4 Bb6 10. a5 Ba7 11. h3 Bb7 12. Re1 O-O 13. Be3 exd4 14. cxd4 Nb4
15. d5 c5 16. dxc6 Bxe3 17. cxb7 Bc5 18. Nc3 Rxb7 19. Qd2 Re7 20. Rad1 Nc6
21. Qg5 Nxa5 22. Bc2 Qb6 23. Qh4 Rc8 24. e5 dxe5 25. Bf5 Rce8 26. Nd5 Bxf2+
27. Qxf2 Nxd5 28. Rxd5 Qxf2+ 29. Kxf2 Nc4 30. b3 Na5 31. Bd7 Rd8 32. Nxe5
Nxb3 33. Red1 Rf8 34. Nc6 Re4 35. Rb1 1-0

[Event "FIDE Grand Swiss 2021"]
[Site "Riga"]
[Date "29.10.2021"]
[Round "3"]
[White "Sargissian, Gabriel"]
[Black "Kravtsiv, Martyn"]
[Result "1-0"]
[WhiteElo "2664"]
[BlackElo "2625"]
[EventDate "2021"]

1. d4 Nf6 2. c4 e6 3. g3 d5 4. Bg2 Bb4+ 5. Nd2 O-O 6. Nf3 dxc4 7. Qc2 b5 8.
a4 Bb7 9. axb5 Qd5 10. O-O Qxb5 11. Qxc4 Qxc4 12. Nxc4 Nbd7 13. Bf4 Nd5 14.
Bd2 Be7 15. Rfc1 Rfc8 16. Ne1 c5 17. Na5 Rab8 18. b4 Ba6 19. bxc5 Bxe2 20.
Nc4 Rb7 21. Bxd5 exd5 22. Ne3 Nf6 23. f3 Kf8 24. Kf2 Bb5 25. N1c2 Bd8 26.
Ra3 Bc6 27. Rca1 Rcb8 28. Rxa7 Rxa7 29. Rxa7 Ra8 30. Rxa8 Bxa8 31. Nf5 Ng8
32. Bf4 g6 33. Nfe3 Ke7 34. Nb4 Ke6 35. Bd6 Bg5 36. Nec2 Nf6 37. Bf4 Bxf4
38. gxf4 Ng8 39. Na3 Ne7 40. Nb5 Kd7 41. Nd6 Ke6 42. Nd3 Bc6 43. Ne5 f6 44.
f5+ gxf5 45. Nd3 Ba4 46. Nf4+ Kd7 47. Nh5 Ke6 48. Ke3 Bc2 49. Kd2 Ba4 50.
Ng7+ Kd7 51. Ndxf5 Nc6 52. Nh5 Ke6 53. Nhg3 Bb5 54. Kc3 Ba6 55. Nd6 Ke7 56.
f4 Ke6 57. Ne8 Bc4 58. Ng7+ Kd7 59. N7f5 Na7 60. Nd6 Ba6 61. Ngf5 Be2 62.
Nh6 Nc6 63. Ng8 h5 64. f5 Bf3 65. Nxf6+ Ke7 66. Nh7 1-0

[Event "FIDE Grand Swiss 2021"]
[Site "Riga"]
[Date "29.10.2021"]
[Round "3"]
[White "Grandelius, Nils"]
[Black "Zvjaginsev, Vadim"]
[Result "1/2-1/2"]
[WhiteElo "2662"]
[BlackElo "2609"]
[EventDate "2021"]

1. e4 c5 2. Nf3 Nc6 3. Bb5 g6 4. O-O Bg7 5. d3 Nf6 6. Nc3 O-O 7. e5 Ne8 8.
Bxc6 bxc6 9. Bf4 f6 10. Re1 fxe5 11. Bxe5 d6 12. Bxg7 Nxg7 13. Ne4 Bg4 14.
Ned2 e5 15. c3 Rb8 16. b3 Ne6 17. h3 Bxf3 18. Nxf3 Qf6 19. Qd2 Nf4 20. Re3
Nd5 21. Re4 Nf4 22. Re3 d5 23. Rae1 d4 24. cxd4 cxd4 25. Rxe5 Nxg2 26. Kxg2
Qxf3+ 27. Kg1 Qxh3 28. R1e4 Rf7 29. Re8+ Rxe8 30. Rxe8+ Kg7 31. Qe2 Rf5 32.
Re5 Rf4 33. Re4 Rf5 34. Re5 Qf3 35. Qxf3 Rxf3 36. Rc5 Rxd3 37. Rxc6 Rc3 38.
Ra6 Rc7 39. Rd6 Rc2 40. a4 Rb2 1/2-1/2

[Event "FIDE Grand Swiss 2021"]
[Site "Riga"]
[Date "29.10.2021"]
[Round "3"]
[White "Moussard, Jules"]
[Black "Cheparinov, Ivan"]
[Result "1-0"]
[WhiteElo "2632"]
[BlackElo "2659"]
[EventDate "2021"]

1. e4 e5 2. Nf3 Nc6 3. Bc4 Nf6 4. Ng5 d5 5. exd5 Na5 6. Bb5+ c6 7. dxc6
bxc6 8. Bd3 Nd5 9. Nf3 Bd6 10. Nc3 Nf4 11. O-O Nxd3 12. cxd3 O-O 13. b3 Re8
14. Re1 c5 15. Ba3 f6 16. Ne4 Nb7 17. Rc1 Bf8 18. Rc3 Qa5 19. Qc1 Be6 20.
h3 Rac8 21. Nh2 Red8 22. f4 Qb6 23. fxe5 f5 24. Ng5 Bd5 25. d4 h6 26. Ngf3
Be6 27. Qb2 g5 28. Kh1 g4 29. hxg4 fxg4 30. dxc5 Nxc5 31. d4 Nd7 32. Rxc8
Rxc8 33. Bxf8 Nxf8 34. d5 gxf3 35. dxe6 fxg2+ 36. Qxg2+ Kh8 37. e7 Ne6 38.
Qf3 Qb4 39. Qf6+ Kh7 40. Qf7+ Ng7 41. Rg1 1-0

[Event "FIDE Grand Swiss 2021"]
[Site "Riga"]
[Date "29.10.2021"]
[Round "3"]
[White "Anton Guijarro, David"]
[Black "Sindarov, Javokhir"]
[Result "1-0"]
[WhiteElo "2658"]
[BlackElo "2587"]
[EventDate "2021"]

1. d4 Nf6 2. Nf3 g6 3. e3 Bg7 4. Be2 O-O 5. O-O d6 6. c4 Nbd7 7. Nc3 e5 8.
b4 Re8 9. Bb2 e4 10. Nd2 Nf8 11. a4 h5 12. a5 N8h7 13. a6 bxa6 14. Qc2 Ng5
15. Ra5 Bf5 16. Rfa1 Rb8 17. b5 Ng4 18. Bxg4 hxg4 19. Nd5 Nf3+ 20. gxf3
gxf3 21. Nf1 Qh4 22. Ng3 g5 23. Kh1 Bg4 24. Nxc7 Re7 25. Rxa6 f5 26. c5
Rxc7 27. Rxd6 Bh8 28. Qc4+ Kf8 29. Rg6 Qh7 30. Qe6 Qf7 31. Qd6+ Qe7 32. Ra5
Kf7 33. Qxe7+ Rxe7 34. Rga6 f4 35. Nf1 Bh3 36. Kg1 Bf6 37. Bc3 Bd7 38. c6
Be6 39. Rxa7 Ke8 40. Ra8 Rxa8 41. Rxa8+ Kf7 42. b6 1-0

[Event "FIDE Grand Swiss 2021"]
[Site "Riga"]
[Date "29.10.2021"]
[Round "3"]
[White "Cori, Jorge"]
[Black "Indjic, Aleksandar"]
[Result "0-1"]
[WhiteElo "2655"]
[BlackElo "2612"]
[EventDate "2021"]

1. d4 Nf6 2. c4 e6 3. Nf3 c5 4. d5 d6 5. Nc3 exd5 6. cxd5 g6 7. Bf4 Bg7 8.
h3 O-O 9. e3 Na6 10. Bxa6 bxa6 11. Rc1 Rb8 12. b3 h6 13. O-O g5 14. Bh2 a5
15. Nd2 Ba6 16. Nc4 Bxc4 17. bxc4 Qe7 18. Rb1 Nd7 19. Qc2 Ne5 20. Ne4 Rxb1
21. Rxb1 f5 22. Ng3 f4 23. Nf5 Qf6 24. e4 Ng6 25. g3 Qe5 26. gxf4 gxf4 27.
Kh1 Ne7 28. Bxf4 Qxf4 29. Nxe7+ Kf7 30. Rb7 Qf3+ 31. Kg1 Bd4 32. Nf5+ Kf6
33. Rg7 Qxh3 34. Rg3 Qh5 35. Qd2 Rb8 36. Ne3 Rb1+ 37. Nf1 Be5 38. Kg2 Rxf1
39. Kxf1 Bxg3 40. fxg3 Qh1+ 41. Kf2 Qh2+ 42. Ke1 Qxg3+ 43. Kd1 Qg4+ 44. Kc2
Qxe4+ 45. Kc3 Qd4+ 46. Qxd4+ cxd4+ 47. Kxd4 h5 48. c5 dxc5+ 49. Kxc5 0-1

[Event "FIDE Grand Swiss 2021"]
[Site "Riga"]
[Date "29.10.2021"]
[Round "3"]
[White "Pichot, Alan"]
[Black "Volokitin, Andrei"]
[Result "1/2-1/2"]
[WhiteElo "2628"]
[BlackElo "2652"]
[EventDate "2021"]

1. e4 e5 2. Nf3 Nc6 3. Bb5 a6 4. Ba4 Nf6 5. O-O Bc5 6. d3 b5 7. Bb3 d6 8.
Be3 Bxe3 9. fxe3 Na5 10. Nc3 c6 11. Qe1 O-O 12. Qg3 Ra7 13. Nd2 Re8 14. Rf2
Nxb3 15. axb3 Nh5 16. Qf3 Qg5 17. h3 Nf6 18. Kh2 Qh6 19. Kg1 Qg5 20. Kh2
Qh6 21. Kg1 Qg5 22. Kh2 1/2-1/2

[Event "FIDE Grand Swiss 2021"]
[Site "Riga"]
[Date "29.10.2021"]
[Round "3"]
[White "Yakubboev, Nodirbek"]
[Black "Sarana, Alexey"]
[Result "1/2-1/2"]
[WhiteElo "2621"]
[BlackElo "2649"]
[EventDate "2021"]

1. Nf3 d5 2. g3 g6 3. Bg2 Bg7 4. d4 Nf6 5. c4 c6 6. Qb3 O-O 7. Nc3 Qb6 8.
O-O Bf5 9. Ne5 Rd8 10. cxd5 Qxb3 11. axb3 cxd5 12. Bg5 Nc6 13. Nxc6 bxc6
14. Ra6 Rdc8 15. Rfa1 Rab8 16. R1a3 Nd7 17. Bxe7 Bxd4 18. Bd6 Rb7 19. e3
Bc5 20. Bxc5 Nxc5 21. Rxa7 Rxa7 22. Rxa7 Nxb3 23. e4 dxe4 24. Bxe4 Be6 25.
h4 Nd4 26. Ra4 c5 27. Ra8 Rxa8 28. Bxa8 Kf8 29. Kf1 Ke7 30. Ke1 f5 1/2-1/2

[Event "FIDE Grand Swiss 2021"]
[Site "Riga"]
[Date "29.10.2021"]
[Round "3"]
[White "Ganguly, Surya Shekhar"]
[Black "Swiercz, Dariusz"]
[Result "0-1"]
[WhiteElo "2617"]
[BlackElo "2647"]
[EventDate "2021"]

1. e4 c5 2. Nf3 d6 3. d4 cxd4 4. Nxd4 Nf6 5. Nc3 a6 6. Be3 e5 7. Nb3 Be6 8.
f3 h5 9. Qd2 Nbd7 10. Nd5 Bxd5 11. exd5 g6 12. O-O-O Bg7 13. Kb1 b5 14. Rg1
Nb6 15. g4 Nfxd5 16. Bxb6 Nxb6 17. Qxd6 Qxd6 18. Rxd6 Nc4 19. Bxc4 bxc4 20.
Na5 hxg4 21. fxg4 c3 22. Nc6 Rxh2 23. bxc3 Kf8 24. Rf1 e4 25. Rd7 Kg8 26.
Rfxf7 Bxc3 27. Rf1 Kh8 28. Re7 Rc8 29. g5 e3 30. Rxe3 Rxc6 31. Re8+ Kh7 32.
Rf7+ Bg7 33. c3 Rb6+ 34. Kc1 Rbb2 35. Ree7 Rbg2 0-1

[Event "FIDE Grand Swiss 2021"]
[Site "Riga"]
[Date "29.10.2021"]
[Round "3"]
[White "Abdusattorov, Nodirbek"]
[Black "Ter-Sahakyan, Samvel"]
[Result "1/2-1/2"]
[WhiteElo "2646"]
[BlackElo "2607"]
[EventDate "2021"]

1. c4 e5 2. Nc3 Bb4 3. Nd5 Be7 4. Nf3 d6 5. d4 Nf6 6. Nc3 exd4 7. Nxd4 d5
8. Bf4 Nh5 9. Bg3 c5 10. Ndb5 Nxg3 11. hxg3 d4 12. Nd5 Na6 13. Qa4 O-O 14.
O-O-O Be6 15. e4 h6 16. Kb1 Bxd5 17. exd5 Nb4 18. a3 a6 19. Nxd4 b5 20. Qb3
bxc4 21. Bxc4 cxd4 22. axb4 Rb8 23. Qd3 Rxb4 24. Rhe1 Bd6 25. Re2 Qa5 26.
b3 Rfb8 27. Rb2 Qb6 28. Bxa6 Rxb3 29. Rxb3 Qxb3+ 30. Qxb3 Rxb3+ 31. Kc2 Ra3
32. Be2 1/2-1/2

[Event "FIDE Grand Swiss 2021"]
[Site "Riga"]
[Date "29.10.2021"]
[Round "3"]
[White "Van Foreest, Lucas"]
[Black "Deac, Bogdan-Daniel"]
[Result "0-1"]
[WhiteElo "2543"]
[BlackElo "2643"]
[EventDate "2021"]

1. d4 d5 2. c4 e6 3. Nc3 h6 4. Nf3 Nf6 5. Bf4 Bd6 6. Bxd6 Qxd6 7. e3 O-O 8.
Rc1 Qe7 9. Bd3 Nbd7 10. O-O Rd8 11. cxd5 exd5 12. a3 a5 13. h3 c6 14. Na4
Ne4 15. Qc2 Re8 16. Rb1 Ng5 17. Nxg5 hxg5 18. g4 Qd8 19. Kg2 Re6 20. b4
axb4 21. axb4 Nf8 22. Nc5 Rh6 23. b5 cxb5 24. Ra1 Rb8 25. Rfb1 Qd6 26. Rxb5
Bxg4 27. hxg4 Qh2+ 28. Kf3 Rf6+ 29. Bf5 g6 30. Ke2 gxf5 31. gxf5 Qh3 32.
Rg1 Rxf5 33. Nd3 Ng6 34. Rxb7 Re8 35. Rg3 Qh5+ 36. Kd2 Qh2 37. Kc1 Kg7 38.
Kb2 Re6 39. Kb3 Ref6 40. Qc1 Rxf2 41. Rxg5 Rf1 42. Qc2 Qh6 43. Qg2 Rb1+ 44.
Nb2 Qh4 45. Rg3 Qh5 46. Qc2 Qh1 47. Rg2 Qf1 48. Qe2 Qc1 49. Qd3 Re6 50. Ka2
Ra1+ 51. Kb3 Raa6 52. e4 dxe4 53. Qc2 Qe3+ 0-1

[Event "FIDE Grand Swiss 2021"]
[Site "Riga"]
[Date "29.10.2021"]
[Round "3"]
[White "Miezis, Normunds"]
[Black "Chigaev, Maksim"]
[Result "0-1"]
[WhiteElo "2467"]
[BlackElo "2639"]
[EventDate "2021"]

1. c4 g6 2. Nc3 Bg7 3. g3 e5 4. Bg2 Nc6 5. e4 d6 6. Nge2 Nh6 7. d3 O-O 8.
h4 Nd4 9. Nxd4 exd4 10. Ne2 Ng4 11. h5 c6 12. Nf4 Ne5 13. f3 h6 14. Ne2 g5
15. Nxd4 d5 16. exd5 cxd5 17. c5 Qa5+ 18. Kf1 Qxc5 19. Ne2 Qb5 20. Nc3
Qxd3+ 21. Qxd3 Nxd3 22. Nxd5 Be6 23. f4 Rfd8 24. Ne3 Rac8 25. f5 Bxa2 26.
Bd2 Nxb2 27. Bxb7 Bc4+ 28. Nxc4 Nxc4 29. Bxc8 Bxa1 30. Ba6 Nxd2+ 31. Ke2
Bf6 32. Rc1 Ne4 33. Kf3 Nc3 34. Rc2 Kg7 35. Rb2 Rd6 36. Bc4 g4+ 37. Kg2 Ne4
38. Rb7 Rd2+ 39. Kf1 Nd6 0-1